[Event "GER-ch 92nd"]
[Site "Magdeburg"]
[Date "2021.07.31"]
[Round "9"]
[White "Schulte, Felix"]
[Black "Neyman, Igor"]
[Result "0-1"]
[WhiteElo "2162"]
[BlackElo "2325"]
[PlyCount "118"]
[EventDate "2021.07.25"]
[EventType "swiss"]
[EventRounds "9"]
[EventCountry "GER"]
[SourceTitle "CBM 203 Extra"]
[Source "ChessBase"]
[SourceDate "2021.09.30"]
[SourceVersion "1"]
[SourceVersionDate "2021.09.30"]
[SourceQuality "1"]

1. d4 Nf6 2. Bg5 e6 3. e4 h6 4. Bxf6 Qxf6 5. Nf3 g6 6. Qd2 Bg7 7. Nc3 Qe7 8. 0-0-0 d6 9. Bc4 a6 10. Rhe1 0-0 11. Kb1 b5 12. Bd3 b4 13. Ne2 a5 14. Nf4 Ba6 15. e5 Bxd3 16. Nxd3 Nd7 17. exd6 cxd6 18. d5 Qf6 19. Qf4 Qxf4 20. Nxf4 e5 21. Ne2 f5 22. Nd2 Rfc8 23. f4 Rc5 24. Nb3 Rc4 25. Nd2 Rc7 26. Nf3 a4 27. fxe5 dxe5 28. Nc1 Rac8 29. Re2 Rc5 30. h3 Bf6 31. g4 e4 32. Ne1 Be5 33. gxf5 gxf5 34. Ng2 Kh7 35. Nh4 Rf8 36. Rf1 Rxd5 37. Rxf5 Rxf5 38. Nxf5 Nc5 39. Ne3 Rd8 40. Re1 Bf4 41. Nc4 Kg6 42. Ne2 Bc7 43. a3 b3 44. Nc3 Rd4 45. Ne3 Bf4 46. Ncd5 Bxe3 47. Nxe3 Rd2 48. Rc1 Kg5 49. cxb3 Nxb3 50. Rg1+ Kf4 51. Nc4 Re2 52. Nb6 Nc5 53. Rc1 Nb3 54. Rg1 Nc5 55. Rc1 Nd3 56. Rf1+ Ke3 57. Nxa4 Kd4 58. b4 e3 59. b5 Rf2 0-1

[Event "GER-ch 92nd"]
[Site "Magdeburg"]
[Date "2021.07.29"]
[Round "7"]
[White "Schulte, Felix"]
[Black "Dobrikov, Marco"]
[Result "0-1"]
[WhiteElo "2162"]
[BlackElo "2311"]
[PlyCount "36"]
[EventDate "2021.07.25"]
[EventType "swiss"]
[EventRounds "9"]
[EventCountry "GER"]
[SourceTitle "CBM 203 Extra"]
[Source "ChessBase"]
[SourceDate "2021.09.30"]
[SourceVersion "1"]
[SourceVersionDate "2021.09.30"]
[SourceQuality "1"]

1. d4 g6 2. e4 Bg7 3. Nf3 d6 4. Bc4 Nf6 5. Qe2 0-0 6. e5 dxe5 7. dxe5 Nd5 8. 0-0 Bg4 9. Qe4 Bxf3 10. Qxf3 e6 11. Nc3 c6 12. Bxd5 cxd5 13. Bf4 Nc6 14. Rfe1 Qb6 15. Rab1 Rac8 16. h4 d4 17. Ne2 Nxe5 18. Qe4 f5 0-1

[Event "GER-ch 92nd"]
[Site "Magdeburg"]
[Date "2021.07.27"]
[Round "3"]
[White "Schulte, Felix"]
[Black "Wachinger, Nikolas"]
[Result "1-0"]
[WhiteElo "2162"]
[BlackElo "2355"]
[PlyCount "63"]
[EventDate "2021.07.25"]
[EventType "swiss"]
[EventRounds "9"]
[EventCountry "GER"]
[SourceTitle "CBM 203 Extra"]
[Source "ChessBase"]
[SourceDate "2021.09.30"]
[SourceVersion "1"]
[SourceVersionDate "2021.09.30"]
[SourceQuality "1"]

1. d4 Nf6 2. Bg5 d5 3. Bxf6 gxf6 4. c4 dxc4 5. e3 c5 6. Bxc4 cxd4 7. exd4 Bg7 8. Nc3 0-0 9. Nge2 Nc6 10. 0-0 f5 11. d5 Ne5 12. Bb3 Qd6 13. Nb5 Qb6 14. Nbd4 Bd7 15. Qd2 Rac8 16. Qg5 Qf6 17. Qxf6 Bxf6 18. Ng3 Nd3 19. Ndxf5 Nxb2 20. Rae1 Rfe8 21. d6 e6 22. Nh5 Bd8 23. Nh6+ Kf8 24. Re3 Bh4 25. Rh3 Bg5 26. Rg3 f6 27. Nxf6 Bxh6 28. Nxd7+ Kf7 29. Ne5+ Kf6 30. Ng4+ Kg7 31. Nxh6+ Kxh6 32. d7 1-0

[Event "GER-ch 92nd"]
[Site "Magdeburg"]
[Date "2021.07.27"]
[Round "4"]
[White "Svane, Frederik"]
[Black "Schulte, Felix"]
[Result "1-0"]
[WhiteElo "2438"]
[BlackElo "2162"]
[PlyCount "59"]
[EventDate "2021.07.25"]
[EventType "swiss"]
[EventRounds "9"]
[EventCountry "GER"]
[SourceTitle "CBM 203 Extra"]
[Source "ChessBase"]
[SourceDate "2021.09.30"]
[SourceVersion "1"]
[SourceVersionDate "2021.09.30"]
[SourceQuality "1"]

1. e4 c5 2. Nc3 e6 3. Nf3 a6 4. d4 cxd4 5. Nxd4 Qc7 6. Bd3 Nf6 7. Qe2 d6 8. f4 Nbd7 9. g4 Nc5 10. g5 Nfd7 11. h4 b5 12. a3 Bb7 13. h5 0-0-0 14. Be3 Nb6 15. Rh3 d5 16. e5 Kb8 17. Bf2 Be7 18. h6 g6 19. Kf1 Nc4 20. b4 Nd7 21. Bxc4 Qxc4 22. Rd3 Rc8 23. Qe3 Rc7 24. Nce2 Rhc8 25. Be1 Nb6 26. Rc3 Na4 27. Rxc4 Rxc4 28. c3 Bd8 29. Qh3 Bb6 30. Rd1 1-0

[Event "Oberliga Ost-A 1920"]
[Site "Germany"]
[Date "2021.07.18"]
[Round "11.3"]
[White "Schulte, Felix"]
[Black "Gehmlich, Marcel"]
[Result "1/2-1/2"]
[WhiteElo "2165"]
[BlackElo "2197"]
[PlyCount "22"]
[EventDate "2019.09.29"]
[EventType "team-tourn"]
[EventRounds "11"]
[EventCountry "GER"]
[SourceTitle "EXT 2023"]
[Source "ChessBase"]
[SourceDate "2022.10.05"]
[SourceVersion "1"]
[SourceVersionDate "2022.10.05"]
[SourceQuality "1"]
[WhiteTeam "Halle USV"]
[BlackTeam "Dresden Gruen Weiss"]
[WhiteTeamCountry "GER"]
[BlackTeamCountry "GER"]

1. d4 Nf6 2. Bg5 d5 3. Bxf6 exf6 4. e3 Be6 5. Bd3 Nd7 6. Nd2 c6 7. c3 f5 8. Ne2 Bd6 9. Qc2 g6 10. 0-0 Qc7 11. Nf3 Nf6 1/2-1/2

[Event "Sachsen-Anhalt-ch 30th"]
[Site "Magdeburg"]
[Date "2020.10.22"]
[Round "2.1"]
[White "Schulte, Felix"]
[Black "Niering, Martin"]
[Result "0-1"]
[WhiteElo "2161"]
[BlackElo "2172"]
[PlyCount "52"]
[EventDate "2020.10.22"]
[EventType "swiss"]
[EventRounds "7"]
[EventCountry "GER"]
[SourceTitle "EXT 2022"]
[Source "ChessBase"]
[SourceDate "2021.10.06"]
[SourceVersion "1"]
[SourceVersionDate "2021.10.06"]
[SourceQuality "1"]

1. d4 e6 2. c4 Nf6 3. Nc3 c5 4. d5 d6 5. Nf3 exd5 6. cxd5 g6 7. e4 Bg7 8. h3 0-0 9. Be3 Re8 10. Nd2 a6 11. a4 Nxe4 12. Ndxe4 f5 13. Be2 fxe4 14. Qc2 Nd7 15. Nxe4 Qh4 16. Bf3 Ne5 17. 0-0-0 Nxf3 18. gxf3 Bf5 19. Bg5 Qh5 20. Qd2 Bxe4 21. fxe4 Rxe4 22. Rde1 Rae8 23. h4 Qf3 24. Rhg1 Rc4+ 25. Kb1 Qf5+ 26. Ka2 Rxe1 0-1

[Event "GER-ch"]
[Site "Magdeburg"]
[Date "2020.08.16"]
[Round "1"]
[White "Schulte, Felix"]
[Black "Miller, Eduard"]
[Result "0-1"]
[WhiteElo "2174"]
[BlackElo "2392"]
[PlyCount "104"]
[EventDate "2020.08.16"]
[EventType "swiss"]
[EventRounds "9"]
[EventCountry "GER"]
[SourceTitle "CBM 197 Extra"]
[Source "ChessBase"]
[SourceDate "2020.09.30"]
[SourceVersion "1"]
[SourceVersionDate "2020.09.30"]
[SourceQuality "1"]

1. d4 f5 2. g3 Nf6 3. Bg2 e6 4. Nh3 d5 5. 0-0 Bd6 6. c4 0-0 7. b3 c6 8. Nd2 Nbd7 9. Nf3 h6 10. Nf4 Bxf4 11. Bxf4 g5 12. Bd6 Rf7 13. Qd3 Ne4 14. Ba3 Qa5 15. Bb2 b6 16. Ne5 Nxe5 17. dxe5 b5 18. cxd5 cxd5 19. g4 b4 20. gxf5 exf5 21. Rfc1 Kh7 22. Rc6 Bb7 23. Rc2 Nc5 24. Qd2 Qb5 25. Rac1 Ne6 26. e3 a5 27. Bf1 Qd7 28. Bd3 d4 29. f3 Bxf3 30. exd4 Bd5 31. Qf2 Nf4 32. Bf1 Bb7 33. Rc5 a4 34. Qe3 Ne6 35. Bb5 Qe7 36. R5c2 f4 37. Bd3+ Kg8 38. Qh3 axb3 39. axb3 Ra2 40. Bc4 Bc8 41. Qxh6 f3 42. Rf2 g4 43. d5 Rh7 44. Qd2 g3 45. Rxf3 Qa7+ 46. Kf1 gxh2 47. Qg2+ Rg7 48. Qxh2 Rxb2 49. Rf2 Rxf2+ 50. Qxf2 Rf7 51. Rc2 Rxf2+ 52. Rxf2 Qa1+ 0-1

[Event "Sachsen-Anhalt-ch 29th"]
[Site "Magdeburg"]
[Date "2019.11.01"]
[Round "3"]
[White "Geue, Niklas"]
[Black "Schulte, Felix"]
[Result "1/2-1/2"]
[WhiteElo "2016"]
[BlackElo "2097"]
[PlyCount "44"]
[EventDate "2019.10.31"]
[EventType "tourn"]
[EventRounds "7"]
[EventCountry "GER"]
[SourceTitle "EXT 2021"]
[Source "ChessBase"]
[SourceDate "2020.10.23"]
[SourceVersion "1"]
[SourceVersionDate "2020.10.23"]
[SourceQuality "1"]

1. b3 d5 2. Bb2 Nd7 3. f4 Ngf6 4. Nf3 c5 5. e3 b6 6. Bb5 Bb7 7. d3 a6 8. Bxd7+ Qxd7 9. Nbd2 e6 10. Qe2 Bd6 11. Ne5 Qc7 12. Ndf3 b5 13. 0-0 0-0 14. c4 Nd7 15. Nxd7 Qxd7 16. Ne5 Bxe5 17. fxe5 dxc4 18. dxc4 Qc6 19. Rac1 b4 20. Rf3 Rad8 21. Rcf1 Rd7 22. Rg3 Rfd8 1/2-1/2

[Event "Oberliga Ost-A 1819"]
[Site "Germany"]
[Date "2019.04.06"]
[Round "10.5"]
[White "Schulte, Felix"]
[Black "Oehl, Tim"]
[Result "0-1"]
[WhiteElo "2087"]
[BlackElo "2138"]
[PlyCount "74"]
[EventDate "2018.10.21"]
[EventType "team-tourn"]
[EventRounds "11"]
[EventCountry "GER"]
[SourceTitle "EXT 2020"]
[Source "ChessBase"]
[SourceDate "2019.10.17"]
[SourceVersion "1"]
[SourceVersionDate "2019.10.17"]
[SourceQuality "1"]
[WhiteTeam "Halle USV"]
[BlackTeam "Dresden USV TU II"]
[WhiteTeamCountry "GER"]
[BlackTeamCountry "GER"]

1. e4 e6 2. d4 d5 3. Nd2 h6 4. Bd3 Nf6 5. e5 Nfd7 6. Ne2 c5 7. c3 Nc6 8. 0-0 Be7 9. f4 Qb6 10. Nf3 g6 11. Kh1 Nf8 12. a3 c4 13. Bc2 Bd7 14. Be3 Na5 15. Nd2 h5 16. Rb1 0-0-0 17. Nf3 Be8 18. Ng5 Nd7 19. Bg1 Nb8 20. Qc1 Rd7 21. Ba4 Nbc6 22. Qe3 Rc7 23. Qh3 Nd8 24. Bc2 Nac6 25. Be3 Bf8 26. Rfc1 Ne7 27. Qf3 Kb8 28. Bf2 Qa6 29. Bh4 Ba4 30. b3 Bxb3 31. Bxb3 cxb3 32. Rxb3 Nf5 33. Be1 Nc6 34. Rcb1 Na5 35. Rb5 Nc4 36. Qd3 Bxa3 37. Kg1 Nb2 0-1

[Event "Erfurt op 28th"]
[Site "Erfurt"]
[Date "2018.12.27"]
[Round "2"]
[White "Schulz, Karsten"]
[Black "Schulte, Felix"]
[Result "1-0"]
[WhiteElo "2240"]
[BlackElo "2087"]
[PlyCount "57"]
[EventDate "2018.12.26"]
[EventType "swiss"]
[EventRounds "8"]
[EventCountry "GER"]
[SourceTitle "CBM 188 Extra"]
[Source "ChessBase"]
[SourceDate "2019.02.26"]
[SourceVersion "1"]
[SourceVersionDate "2019.02.26"]
[SourceQuality "1"]

1. Nf3 d5 2. c4 c6 3. g3 Nf6 4. Bg2 Nbd7 5. 0-0 g6 6. b3 Bg7 7. Bb2 0-0 8. Qc2 Re8 9. Nc3 e5 10. cxd5 Nxd5 11. d3 Nf8 12. a3 Bg4 13. Rac1 Rc8 14. b4 Qd7 15. Ne4 f5 16. Nc5 Qe7 17. e4 Nb6 18. exf5 gxf5 19. Rfe1 Ng6 20. Nxe5 Nxe5 21. Bxe5 Bxe5 22. d4 Qg7 23. dxe5 Rxe5 24. Rxe5 Qxe5 25. Nxb7 Nd5 26. Qd2 Re8 27. b5 Nc7 28. bxc6 Qb5 29. Nd6 1-0

[Event "Oberliga Ost-A 1819"]
[Site "Germany"]
[Date "2018.12.16"]
[Round "5.4"]
[White "Schulte, Felix"]
[Black "Andre, Gordon"]
[Result "0-1"]
[WhiteElo "2087"]
[BlackElo "2308"]
[PlyCount "52"]
[EventDate "2018.10.21"]
[EventType "team-tourn"]
[EventRounds "11"]
[EventCountry "GER"]
[SourceTitle "EXT 2020"]
[Source "ChessBase"]
[SourceDate "2019.10.17"]
[SourceVersion "1"]
[SourceVersionDate "2019.10.17"]
[SourceQuality "1"]
[WhiteTeam "Halle USV"]
[BlackTeam "Magdeburg Aufbau Elbe"]
[WhiteTeamCountry "GER"]
[BlackTeamCountry "GER"]

1. d4 e6 2. c4 d5 3. Nc3 Nf6 4. cxd5 exd5 5. Bg5 c6 6. Qc2 Na6 7. a3 Nc7 8. e3 Ne6 9. Bh4 Be7 10. Bd3 g6 11. h3 Ng7 12. f3 0-0 13. 0-0-0 b5 14. Nge2 a5 15. g4 b4 16. axb4 axb4 17. Nb1 Be6 18. f4 Rc8 19. f5 c5 20. Bxf6 cxd4 21. Bxe7 Qxe7 22. fxe6 b3 23. exf7+ Kh8 24. Qxc8 Rxc8+ 25. Kd2 dxe3+ 26. Ke1 Qh4+ 0-1

[Event "Oberliga Ost-A 1819"]
[Site "Germany"]
[Date "2018.10.21"]
[Round "1.5"]
[White "Schuetze, Norman"]
[Black "Schulte, Felix"]
[Result "1/2-1/2"]
[WhiteElo "2272"]
[BlackElo "2087"]
[PlyCount "124"]
[EventDate "2018.10.21"]
[EventType "team-tourn"]
[EventRounds "11"]
[EventCountry "GER"]
[SourceTitle "EXT 2020"]
[Source "ChessBase"]
[SourceDate "2019.10.17"]
[SourceVersion "1"]
[SourceVersionDate "2019.10.17"]
[SourceQuality "1"]
[WhiteTeam "Loeberitz"]
[BlackTeam "Halle USV"]
[WhiteTeamCountry "GER"]
[BlackTeamCountry "GER"]

1. e4 e6 2. d4 d5 3. Nd2 Be7 4. Ngf3 Nf6 5. Bd3 c5 6. dxc5 dxe4 7. Nxe4 Nxe4 8. Bxe4 Qxd1+ 9. Kxd1 Bxc5 10. Ke2 Nd7 11. a3 Nf6 12. Bd3 0-0 13. b4 Be7 14. Ne5 Bd6 15. Bb2 b6 16. Rhd1 Bb7 17. f3 Rac8 18. g3 Rfd8 19. Rd2 h6 20. Rad1 Be7 21. c4 Kf8 22. Rc2 Nd7 23. Ng4 Bc6 24. Rdc1 h5 25. Nf2 Nf6 26. Rd2 Bb7 27. Bc3 Ba6 28. Ba1 Rd7 29. Rdc2 Rcd8 30. Rb1 g5 31. a4 g4 32. f4 Bb7 33. Bxf6 Bf3+ 34. Ke1 Bxf6 35. Be4 Bxe4 36. Nxe4 Bg7 37. c5 Rd4 38. Nd6 bxc5 39. bxc5 Bf6 40. c6 R4xd6 41. c7 Rd4 42. cxd8Q+ Bxd8 43. Ra2 h4 44. Ke2 Rd5 45. Rb5 Rxb5 46. axb5 hxg3 47. hxg3 Bb6 48. f5 exf5 49. Rc2 Ke7 50. Rc6 Bd4 51. Kf1 Bb6 52. Ke1 Bd4 53. Ke2 Bb6 54. Rc2 Kd7 55. Kd3 Kd6 56. Kc4 Ke6 57. Re2+ Kd6 58. Rd2+ Ke6 59. Re2+ Kd6 60. Rd2+ Ke6 61. Rh2 Ke5 62. Re2+ Kd6 1/2-1/2

[Event "Sachsen-Anhalt-ch 28th"]
[Site "Magdeburg"]
[Date "2018.05.13"]
[Round "7.4"]
[White "Schulte, Felix"]
[Black "Stein, Robert"]
[Result "0-1"]
[WhiteElo "2090"]
[BlackElo "2235"]
[PlyCount "74"]
[EventDate "2018.05.10"]
[EventType "tourn"]
[EventRounds "7"]
[EventCountry "GER"]
[SourceTitle "EXT 2019"]
[Source "ChessBase"]
[SourceDate "2018.10.10"]
[SourceVersion "1"]
[SourceVersionDate "2018.10.10"]
[SourceQuality "1"]

1. d4 Nf6 2. c4 e6 3. Nc3 Bb4 4. e3 0-0 5. Nge2 Re8 6. a3 Bf8 7. Ng3 d5 8. Qc2 b6 9. Be2 c5 10. dxc5 bxc5 11. 0-0 Bb7 12. Rd1 Nbd7 13. b3 Qc7 14. Bb2 Bc6 15. Bf3 Qb7 16. Nb1 Rab8 17. Nd2 a5 18. Rab1 Qc7 19. Nh5 Nxh5 20. Bxh5 Be7 21. Rbc1 Qa7 22. a4 d4 23. exd4 cxd4 24. Bf3 Bxf3 25. Nxf3 e5 26. Re1 Bb4 27. Re4 f6 28. Rh4 Nf8 29. Ne1 Qb7 30. Rh3 Ng6 31. Ra1 Qd7 32. Nd3 Bf8 33. Qd2 Rxb3 34. Qxa5 Reb8 35. Bc1 Rb1 36. Rxb1 Rxb1 37. Qe1 Qxa4 0-1

[Event "Oberliga Ost-A 1718"]
[Site "Germany"]
[Date "2018.02.25"]
[Round "8.5"]
[White "Schnabel, Ralf"]
[Black "Schulte, Felix"]
[Result "0-1"]
[WhiteElo "2225"]
[BlackElo "1967"]
[PlyCount "68"]
[EventDate "2017.10.22"]
[EventType "team-tourn"]
[EventRounds "11"]
[EventCountry "GER"]
[SourceTitle "EXT 2019"]
[Source "ChessBase"]
[SourceDate "2018.10.10"]
[SourceVersion "1"]
[SourceVersionDate "2018.10.10"]
[SourceQuality "1"]
[WhiteTeam "Aue Nickelhuette II"]
[BlackTeam "Halle USV"]
[WhiteTeamCountry "GER"]
[BlackTeamCountry "GER"]

1. e4 c5 2. Nf3 e6 3. b3 b6 4. Bb2 Bb7 5. Qe2 d6 6. d4 cxd4 7. Nxd4 Nf6 8. Nd2 Nbd7 9. g3 a6 10. c4 g6 11. Bg2 Bg7 12. 0-0 Qc7 13. Rac1 0-0 14. Rfd1 Rfe8 15. Nf1 Rac8 16. g4 Nc5 17. Ng3 e5 18. Nc2 Ne6 19. f3 Bh6 20. Ne3 Qc5 21. Ngf1 Nf4 22. Qf2 Nxe4 23. fxe4 Bxe4 24. Bxe4 Nh3+ 25. Kg2 Nxf2 26. Kxf2 Re6 27. Ke2 Rf8 28. h4 Bf4 29. Rd5 Qc7 30. Rcd1 Qe7 31. g5 h6 32. Ba3 Rd8 33. gxh6 Qxh4 34. Bxd6 Bxe3 0-1

[Event "Oberliga Ost-A 1718"]
[Site "Germany"]
[Date "2018.02.04"]
[Round "7.4"]
[White "Proehl, Holger"]
[Black "Schulte, Felix"]
[Result "1-0"]
[WhiteElo "2364"]
[BlackElo "1967"]
[PlyCount "91"]
[EventDate "2017.10.22"]
[EventType "team-tourn"]
[EventRounds "11"]
[EventCountry "GER"]
[SourceTitle "EXT 2019"]
[Source "ChessBase"]
[SourceDate "2018.10.10"]
[SourceVersion "1"]
[SourceVersionDate "2018.10.10"]
[SourceQuality "1"]
[WhiteTeam "Loeberitz"]
[BlackTeam "Halle USV"]
[WhiteTeamCountry "GER"]
[BlackTeamCountry "GER"]

1. e4 c5 2. c3 g6 3. Nf3 Bg7 4. Bc4 d6 5. 0-0 Nf6 6. d3 Nc6 7. Nbd2 0-0 8. a4 d5 9. Ba2 e5 10. Re1 h6 11. Qc2 Be6 12. Nf1 Qc7 13. b4 cxb4 14. cxb4 Rac8 15. Ba3 Nd4 16. Nxd4 Qxc2 17. Nxc2 Rxc2 18. Ne3 Rc3 19. exd5 Bd7 20. Bb2 Rxd3 21. Bc4 Rd2 22. Bc3 Rd4 23. Bxd4 exd4 24. Nf1 Rc8 25. Rac1 Bxa4 26. Ba2 Rd8 27. Re7 Nxd5 28. Rxb7 Be8 29. Re1 Kf8 30. Bxd5 Rxd5 31. Rxa7 Bf6 32. Ra8 Bd8 33. Nd2 Bc6 34. Rc8 Bb7 35. Rb8 Bc6 36. Rc1 Ba4 37. Ra1 Bc2 38. Raa8 Ke7 39. b5 Rd6 40. Ra7+ Ke6 41. Ra6 Bc7 42. Rb7 Bd8 43. Nc4 Rxa6 44. bxa6 Be4 45. Rb8 Bc7 46. a7 1-0